Identify the Country from the Capital City - Statistics

General Stats
  • This quiz has been taken 35 times
  • The average score is 14 of 15
Answer Stats
Hint Country % Correct
Washington D.C. USA
100%
Canberra Australia
97%
Brasilia Brazil
97%
Ottawa Canada
97%
Beijing China
97%
Wellington New Zealand
97%
Manila Philippines
97%
Brussels Belgium
94%
Bern Switzerland
94%
Abu Dhabi United Arab Emirates
94%
Rabat Morocco
90%
Islamabad Pakistan
90%
Ankara Turkey
90%
Abuja Nigeria
77%
Dodoma Tanzania
65%
No matching quizzes found
Score Distribution
Percent of People with Each Score
Percentile by Number Answered
Your Score History
You have not taken this quiz